000 00966nam a2200277 i 4500
001 bgj
245 1 0 _aDuden :
_bdas große Wörterbuch der deutschen Sprache : in zehn Bänden.
_chrsg. vom Wissenschaftlichen Rat der Dudenredaktion ; [red. bearb., Werner Scholze-Stubenrecht (Projektleiter) et al.].
_nBd. 6,
_pLein-Peko /
246 _aDas |große Wörterbuch der deutschen Sprache :
_bin zehn Bänden.
250 _aWyd. 3.
260 _aMannheim :
_bDudenverlag,
_c1999.
300 _aS. 2401-2880 ;
_c25 cm.
490 0 _aDer Duden in zehn Bänden ;
_vBd. 6
650 9 _aJęzyk niemiecki
655 _aSłowniki
700 1 _aSCHOLZE-STUBENRECHT, Werner.
710 _aDudenredaktion (Bibliographisches Institut).
830 _aDuden in 10 Bänden
020 _a3411047933
040 _cBPK
041 0 _ager
044 _aDEU
080 _a811.112.2(03)
920 _a3-411-04793-3
942 _cKS
008 s gw f |000 0 ger
999 _c49398
_d49398
856 _uhttp://koha.tu.koszalin.pl/cgi-bin/koha/opac-detail.pl?biblionumber=49398
_yKatalog online BPK